000
00310nam a22001337a 4500
008
181023b xxu||||| |||| 00| 0 eng d
020
_a
2740340515373
041
_a
eng
080
_a
159.9
100
_a
49
101
_a
PSI
245
_a
Issues and Ethics in Helping Professions
_c
Corey, G
942
_2
udc
_c
BK
999
_c
50625
_d
50625